Products liability / (Record no. 183790)
[ view plain ]
| 000 -LEADER | |
|---|---|
| fixed length control field | 00861cam3a220027700 4500 |
| 001 - CONTROL NUMBER | |
| control field | lce01253745 |
| 008 - FIXED-LENGTH DATA ELEMENTS--GENERAL INFORMATION | |
| fixed length control field | 800402s1980 onc b 001 0 eng d |
| 010 ## - LIBRARY OF CONGRESS CONTROL NUMBER | |
| LC control number | cn 80094334 |
| 015 ## - NATIONAL BIBLIOGRAPHY NUMBER | |
| National bibliography number | C80-94334-1 |
| 020 ## - INTERNATIONAL STANDARD BOOK NUMBER | |
| Terms of availability | |
| -- | 4.00 |
| 035 ## - SYSTEM CONTROL NUMBER | |
| System control number | (Sirsi) r111092 |
| 035 ## - SYSTEM CONTROL NUMBER | |
| System control number | (DLC)cn 80094334 |
| 035 ## - SYSTEM CONTROL NUMBER | |
| System control number | (UPRA)lce01253745 |
| 040 ## - CATALOGING SOURCE | |
| Original cataloging agency | CaOTY |
| Language of cataloging | eng |
| Transcribing agency | CaOONL |
| Modifying agency | CaOONL |
| 055 01 - CLASSIFICATION NUMBERS ASSIGNED IN CANADA | |
| Classification number | K953 |
| 082 0# - DEWEY DECIMAL CLASSIFICATION NUMBER | |
| Classification number | 346.03/82 |
| Edition number | 19 |
| 100 1# - MAIN ENTRY--PERSONAL NAME | |
| Personal name | Waddams, S. M., 1942- |
| Dates associated with a name | Waddams, S. M., 1942- |
| Linkage | A71321.1 |
| 245 10 - TITLE STATEMENT | |
| Title | Products liability / |
| Statement of responsibility, etc. | by S.M. Waddams. |
| 250 ## - EDITION STATEMENT | |
| Edition statement | 2nd ed. |
| 260 ## - PUBLICATION, DISTRIBUTION, ETC. | |
| Place of publication, distribution, etc. | Toronto : |
| Name of publisher, distributor, etc. | Carswell, |
| Date of publication, distribution, etc. | 1980. |
| 504 ## - BIBLIOGRAPHY, ETC. NOTE | |
| Bibliography, etc. note | Includes bibliographical references and index. |
| 650 #0 - SUBJECT ADDED ENTRY--TOPICAL TERM | |
| Topical term or geographic name entry element | Products liability. |
| Linkage | S53664.1 |
| 650 #6 - SUBJECT ADDED ENTRY--TOPICAL TERM | |
| Topical term or geographic name entry element | Responsabilite du fait des produits. |
| Linkage | S53665.1 |
| 949 ## - LOCAL PROCESSING INFORMATION (OCLC) | |
| a | K100 |
| w | lcc |
| i | 33729001917157 |
| m | MAIN |
| p | 2500 |
| t | BOOK |
| l | ON-SHELF |
No items available.